00975nam a2200205Ia 4500008004100000020002200041040001800063041000800081100002700089245012000116260006800236300002100304504005300325505025000378650002300628650004200651650002200693650002800715700002600743130821s2011 enk gr eng  a978 0 19 974054 3 aCo-BoUCMbspa00aeng1 aBlouin Jr., Francis X.10aProcessing the past contesting authority in history and the archivescFrancis X. Blouin Jr. y William G. Rosenberg aOxford (Oxfordshire, Inglaterra)bOxford University Pressc2011 ax, 257 páginas aIncluye referencias bibliográficas e índice. aAuthoritative history and authoritative archives. -- The turn away from historical authority in the archives-- Archival authorities and new technologies. -- The turn away from archival authority in history. -- Archival essentialism and the archi aArchivosxHistoria aArchivosxInnovaciones tecnológicas aBibliotecología aHistoriaxMetodología1 aRosenberg, William G.